000 00647nam a2200193 i 4500
001 21545
003 ES-MaACL
005 20250430203727.0
007 t|
008 021126s1970 sp ||||1| spa d
100 1 _aAlberti, Rafael,
_d1902-1999
_9240174
245 1 0 _aProsas encontradas
_b: (1924-1942) /
_cRafael Alberti ; recogidas y presentadas por Robert Marrast ; prólogo de Pablo Corbalán.
260 _aMadrid :
_bAyuso,
_c[1970]
300 _a197 p. ;
_c19 cm.
700 0 _aMarrast, Robert,
_d1928-2015
_977060
700 0 _aCorbalán, Pablo.
_940449
852 _aES-MaACL
_jC-40044
_bR.75655
999 _c21545
_d21545